[Event "ODJM C 2023"]
[Site "Willingen GER"]
[Date "2023.05.31"]
[Round "5"]
[White "Bücker, Phil"]
[Black "Anh, David"]
[Result "1-0"]
[Termination "normal"]
[Board "27"]
[WhiteElo "1325"]
[BlackElo "1041"]
[WhiteClock "00:02:06"]
[BlackClock "00:46:54"]
[PlyCount "85"]
[WhiteFideId "34623841"]
[BlackFideId "34639500"]
[EventCountry "GER"]
[EventRounds "9"]
[EventType "swiss"]
[EventDate "2023.05.27"]

1. d4 {[%clk 01:30:58]} {[%emt 00:00:02]} d5 {[%clk 01:30:58]} {[%emt
00:00:03]} 2. Nc3 {[%clk 01:31:20]} {[%emt 00:00:08]} Nf6 {[%clk 01:31:23]}
{[%emt 00:00:04]} 3. Bf4 {[%clk 01:31:44]} {[%emt 00:00:06]} a6 {[%clk
01:31:48]} {[%emt 00:00:05]} 4. e3 {[%clk 01:32:06]} {[%emt 00:00:08]} c5
{[%clk 01:32:08]} {[%emt 00:00:10]} 5. dxc5 {[%clk 01:32:26]} {[%emt 00:00:10]}
Qa5 {[%clk 01:32:33]} {[%emt 00:00:05]} 6. Bd3 {[%clk 01:21:45]} {[%emt
00:11:10]} Qxc5 {[%clk 01:32:48]} {[%emt 00:00:16]} 7. Nf3 {[%clk 01:18:16]}
{[%emt 00:04:00]} Nbd7 {[%clk 01:30:57]} {[%emt 00:02:20]} 8. O-O {[%clk
01:12:32]} {[%emt 00:06:12]} g6 {[%clk 01:29:13]} {[%emt 00:02:15]} 9. Re1
{[%clk 01:01:03]} {[%emt 00:11:59]} Bg7 {[%clk 01:26:50]} {[%emt 00:02:53]} 10.
Ne5 {[%clk 00:48:05]} {[%emt 00:13:28]} Nh5 {[%clk 01:24:00]} {[%emt 00:03:19]}
11. Ng4 {[%clk 00:38:13]} {[%emt 00:10:22]} Nxf4 {[%clk 01:22:30]} {[%emt
00:02:01]} 12. exf4 {[%clk 00:38:06]} {[%emt 00:00:38]} O-O {[%clk 01:21:06]}
{[%emt 00:01:54]} 13. f5 {[%clk 00:29:52]} {[%emt 00:08:44]} h5 {[%clk
01:15:30]} {[%emt 00:06:05]} 14. Ne3 {[%clk 00:25:20]} {[%emt 00:05:02]} Nb6
{[%clk 01:13:04]} {[%emt 00:02:57]} 15. fxg6 {[%clk 00:22:56]} {[%emt
00:02:54]} Nd7 {[%clk 00:58:50]} {[%emt 00:14:44]} 16. gxf7+ {[%clk 00:22:31]}
{[%emt 00:00:54]} Kxf7 {[%clk 00:58:31]} {[%emt 00:00:50]} 17. Qxh5+ {[%clk
00:22:45]} {[%emt 00:00:16]} Ke6 {[%clk 00:57:39]} {[%emt 00:01:21]} 18. Nc4+
{[%clk 00:20:35]} {[%emt 00:02:41]} Ne5 {[%clk 00:56:58]} {[%emt 00:01:11]} 19.
Qg4+ {[%clk 00:14:39]} {[%emt 00:06:26]} Kf7 {[%clk 00:56:36]} {[%emt
00:00:53]} 20. Nxe5+ {[%clk 00:14:37]} {[%emt 00:00:32]} Kg8 {[%clk 00:55:15]}
{[%emt 00:01:51]} 21. Qh4 {[%clk 00:12:53]} {[%emt 00:02:13]} Rf6 {[%clk
00:54:44]} {[%emt 00:01:00]} 22. Qh7+ {[%clk 00:11:09]} {[%emt 00:02:15]} Kf8
{[%clk 00:55:03]} {[%emt 00:00:11]} 23. Ng6+ {[%clk 00:11:18]} {[%emt
00:00:21]} Ke8 {[%clk 00:53:47]} {[%emt 00:01:47]} 24. Qg8+ {[%clk 00:11:35]}
{[%emt 00:00:13]} Bf8 {[%clk 00:53:29]} {[%emt 00:00:48]} 25. Rxe7+ {[%clk
00:09:34]} {[%emt 00:02:31]} Kd8 {[%clk 00:53:48]} {[%emt 00:00:12]} 26. Nxd5
{[%clk 00:04:22]} {[%emt 00:05:42]} Qxf2+ {[%clk 00:53:23]} {[%emt 00:00:55]}
27. Kh1 {[%clk 00:04:39]} {[%emt 00:00:13]} Bh3 {[%clk 00:53:12]} {[%emt
00:00:41]} 28. Re8+ {[%clk 00:03:24]} {[%emt 00:01:45]} Kxe8 {[%clk 00:53:22]}
{[%emt 00:00:19]} 29. Nxf6+ {[%clk 00:03:24]} {[%emt 00:00:31]} Qxf6 {[%clk
00:53:22]} {[%emt 00:00:30]} 30. Re1+ {[%clk 00:03:30]} {[%emt 00:00:24]} Kd7
{[%clk 00:52:54]} {[%emt 00:00:58]} 31. Nxf8+ {[%clk 00:03:11]} {[%emt
00:00:49]} Rxf8 {[%clk 00:50:00]} {[%emt 00:03:24]} 32. Qh7+ {[%clk 00:03:29]}
{[%emt 00:00:12]} Kc6 {[%clk 00:49:34]} {[%emt 00:00:56]} 33. Qxh3 {[%clk
00:03:49]} {[%emt 00:00:10]} Qf2 {[%clk 00:47:58]} {[%emt 00:02:06]} 34. Qe6+
{[%clk 00:03:44]} {[%emt 00:00:34]} Kc7 {[%clk 00:48:09]} {[%emt 00:00:20]} 35.
Qe5+ {[%clk 00:03:07]} {[%emt 00:01:06]} Kc8 {[%clk 00:47:20]} {[%emt
00:01:18]} 36. Qe6+ {[%clk 00:02:14]} {[%emt 00:01:23]} Kb8 {[%clk 00:47:35]}
{[%emt 00:00:15]} 37. Qe2 {[%clk 00:01:42]} {[%emt 00:01:00]} Qb6 {[%clk
00:46:55]} {[%emt 00:01:11]} 38. Qe5+ {[%clk 00:01:38]} {[%emt 00:00:34]} Ka8
{[%clk 00:47:00]} {[%emt 00:00:26]} 39. Qg7 {[%clk 00:01:33]} {[%emt 00:00:35]}
Rd8 {[%clk 00:46:28]} {[%emt 00:01:02]} 40. Be4 {[%clk 00:01:24]} {[%emt
00:00:39]} Rb8 {[%clk 00:46:32]} {[%emt 00:00:26]} 41. Rf1 {[%clk 00:01:29]}
{[%emt 00:00:26]} Qxb2 {[%clk 00:46:37]} {[%emt 00:00:26]} 42. Qxb2 {[%clk
00:01:50]} {[%emt 00:00:08]} Ka7 {[%clk 00:46:54]} {[%emt 00:00:13]} 43. Rf8
{[%clk 00:02:06]} {[%emt 00:00:13]} 1-0

[Event "ODJM C 2023"]
[Site "Willingen GER"]
[Date "2023.05.31"]
[Round "5"]
[White "Haunhorst, Elisa"]
[Black "Betz, Niclas"]
[Result "1/2-1/2"]
[Termination "normal"]
[Board "28"]
[WhiteElo "1119"]
[BlackElo "1043"]
[WhiteClock "00:16:19"]
[BlackClock "01:16:57"]
[PlyCount "98"]
[WhiteFideId "34640959"]
[BlackFideId "34616748"]
[EventCountry "GER"]
[EventRounds "9"]
[EventType "swiss"]
[EventDate "2023.05.27"]

1. d4 {[%clk 01:30:57]} {[%emt 00:00:02]} d5 {[%clk 01:30:52]} {[%emt
00:00:09]} 2. Nc3 {[%clk 01:31:23]} {[%emt 00:00:04]} Nf6 {[%clk 01:31:05]}
{[%emt 00:00:17]} 3. Bf4 {[%clk 01:31:46]} {[%emt 00:00:07]} e6 {[%clk
01:31:21]} {[%emt 00:00:14]} 4. Nb5 {[%clk 01:31:48]} {[%emt 00:00:28]} Na6
{[%clk 01:31:42]} {[%emt 00:00:09]} 5. e3 {[%clk 01:32:01]} {[%emt 00:00:16]}
Be7 {[%clk 01:31:48]} {[%emt 00:00:24]} 6. Nf3 {[%clk 01:31:52]} {[%emt
00:00:38]} O-O {[%clk 01:32:04]} {[%emt 00:00:15]} 7. Bd3 {[%clk 01:31:09]}
{[%emt 00:01:13]} c6 {[%clk 01:32:20]} {[%emt 00:00:14]} 8. Nc3 {[%clk
01:31:29]} {[%emt 00:00:09]} Nb4 {[%clk 01:32:44]} {[%emt 00:00:07]} 9. Ne5
{[%clk 01:26:54]} {[%emt 00:05:05]} Nxd3+ {[%clk 01:32:46]} {[%emt 00:00:28]}
10. Qxd3 {[%clk 01:26:24]} {[%emt 00:00:58]} Bd6 {[%clk 01:32:24]} {[%emt
00:00:52]} 11. h3 {[%clk 01:23:15]} {[%emt 00:03:38]} Qc7 {[%clk 01:30:32]}
{[%emt 00:02:23]} 12. O-O-O {[%clk 01:16:24]} {[%emt 00:07:21]} Nh5 {[%clk
01:27:00]} {[%emt 00:04:02]} 13. g4 {[%clk 01:06:53]} {[%emt 00:10:01]} Nxf4
{[%clk 01:27:20]} {[%emt 00:00:10]} 14. exf4 {[%clk 01:06:47]} {[%emt
00:00:36]} f6 {[%clk 01:27:32]} {[%emt 00:00:18]} 15. Nf3 {[%clk 01:06:05]}
{[%emt 00:01:12]} Bxf4+ {[%clk 01:27:52]} {[%emt 00:00:10]} 16. Kb1 {[%clk
01:06:11]} {[%emt 00:00:25]} e5 {[%clk 01:26:56]} {[%emt 00:01:26]} 17. dxe5
{[%clk 01:04:58]} {[%emt 00:01:42]} Bxe5 {[%clk 01:26:34]} {[%emt 00:00:52]}
18. Nxe5 {[%clk 01:04:00]} {[%emt 00:01:28]} fxe5 {[%clk 01:26:52]} {[%emt
00:00:13]} 19. f3 {[%clk 01:02:16]} {[%emt 00:02:13]} Bd7 {[%clk 01:23:30]}
{[%emt 00:03:51]} 20. g5 {[%clk 01:00:45]} {[%emt 00:02:01]} Qd6 {[%clk
01:22:03]} {[%emt 00:01:58]} 21. h4 {[%clk 00:58:52]} {[%emt 00:02:23]} Rf5
{[%clk 01:21:34]} {[%emt 00:00:57]} 22. Ne2 {[%clk 00:58:11]} {[%emt 00:01:14]}
Raf8 {[%clk 01:21:47]} {[%emt 00:00:15]} 23. Ng1 {[%clk 00:49:58]} {[%emt
00:08:43]} Rf4 {[%clk 01:21:42]} {[%emt 00:00:37]} 24. a3 {[%clk 00:47:53]}
{[%emt 00:02:36]} Rd4 {[%clk 01:21:29]} {[%emt 00:00:42]} 25. Qe2 {[%clk
00:47:15]} {[%emt 00:01:08]} Rxd1+ {[%clk 01:21:21]} {[%emt 00:00:39]} 26. Qxd1
{[%clk 00:47:20]} {[%emt 00:00:25]} c5 {[%clk 01:21:30]} {[%emt 00:00:22]} 27.
Nh3 {[%clk 00:43:21]} {[%emt 00:04:29]} d4 {[%clk 01:21:31]} {[%emt 00:00:28]}
28. Nf2 {[%clk 00:43:13]} {[%emt 00:00:38]} Bc6 {[%clk 01:21:52]} {[%emt
00:00:09]} 29. Ne4 {[%clk 00:41:20]} {[%emt 00:02:23]} Bxe4 {[%clk 01:21:57]}
{[%emt 00:00:25]} 30. fxe4 {[%clk 00:41:27]} {[%emt 00:00:23]} Qc6 {[%clk
01:22:13]} {[%emt 00:00:14]} 31. Qe2 {[%clk 00:37:54]} {[%emt 00:04:02]} Rf4
{[%clk 01:21:38]} {[%emt 00:01:05]} 32. h5 {[%clk 00:32:27]} {[%emt 00:05:58]}
Rxe4 {[%clk 01:21:49]} {[%emt 00:00:20]} 33. Qc4+ {[%clk 00:32:11]} {[%emt
00:00:46]} Kh8 {[%clk 01:20:50]} {[%emt 00:01:29]} 34. Rf1 {[%clk 00:30:52]}
{[%emt 00:01:49]} Rf4 {[%clk 01:21:07]} {[%emt 00:00:13]} 35. Rxf4 {[%clk
00:30:17]} {[%emt 00:01:04]} exf4 {[%clk 01:21:23]} {[%emt 00:00:14]} 36. Qf7
{[%clk 00:30:08]} {[%emt 00:00:40]} Qc8 {[%clk 01:20:47]} {[%emt 00:01:04]} 37.
h6 {[%clk 00:27:01]} {[%emt 00:03:38]} Qg8 {[%clk 01:20:58]} {[%emt 00:00:20]}
38. Qxb7 {[%clk 00:26:09]} {[%emt 00:01:22]} gxh6 {[%clk 01:21:08]} {[%emt
00:00:19]} 39. gxh6 {[%clk 00:26:08]} {[%emt 00:00:33]} Qf8 {[%clk 01:19:04]}
{[%emt 00:02:34]} 40. Qxa7 {[%clk 00:22:35]} {[%emt 00:04:03]} f3 {[%clk
01:18:45]} {[%emt 00:00:49]} 41. Qc7 {[%clk 00:20:24]} {[%emt 00:02:41]} Qxh6
{[%clk 01:18:44]} {[%emt 00:00:31]} 42. Qb8+ {[%clk 00:19:19]} {[%emt
00:01:35]} Kg7 {[%clk 01:19:02]} {[%emt 00:00:12]} 43. Qg3+ {[%clk 00:19:35]}
{[%emt 00:00:14]} Qg6 {[%clk 01:18:59]} {[%emt 00:00:33]} 44. Qxf3 {[%clk
00:19:42]} {[%emt 00:00:22]} Qd6 {[%clk 01:18:43]} {[%emt 00:00:47]} 45. Qb7+
{[%clk 00:18:46]} {[%emt 00:01:26]} Kg6 {[%clk 01:18:53]} {[%emt 00:00:19]} 46.
a4 {[%clk 00:18:13]} {[%emt 00:01:04]} h5 {[%clk 01:19:08]} {[%emt 00:00:15]}
47. a5 {[%clk 00:17:43]} {[%emt 00:01:01]} c4 {[%clk 01:19:09]} {[%emt
00:00:29]} 48. a6 {[%clk 00:17:39]} {[%emt 00:00:34]} d3 {[%clk 01:18:31]}
{[%emt 00:01:08]} 49. Qe4+ {[%clk 00:16:19]} {[%emt 00:01:49]} Kg5 {[%clk
01:16:57]} {[%emt 00:02:04]} 1/2-1/2

[Event "ODJM C 2023"]
[Site "Willingen GER"]
[Date "2023.05.31"]
[Round "5"]
[White "Riebienkov, Mark"]
[Black "Reetz, Shaila"]
[Result "1/2-1/2"]
[Termination "normal"]
[Board "29"]
[WhiteElo "1116"]
[BlackElo "1003"]
[WhiteClock "01:05:43"]
[BlackClock "01:18:42"]
[PlyCount "77"]
[WhiteFideId "34648500"]
[BlackFideId "34630317"]
[EventCountry "GER"]
[EventRounds "9"]
[EventType "swiss"]
[EventDate "2023.05.27"]

1. e4 {[%clk 01:30:57]} {[%emt 00:00:03]} e5 {[%clk 01:30:55]} {[%emt
00:00:06]} 2. f4 {[%clk 01:31:22]} {[%emt 00:00:04]} exf4 {[%clk 01:31:13]}
{[%emt 00:00:10]} 3. Nf3 {[%clk 01:31:47]} {[%emt 00:00:07]} d5 {[%clk
01:31:24]} {[%emt 00:00:19]} 4. exd5 {[%clk 01:32:10]} {[%emt 00:00:06]} Nf6
{[%clk 01:31:43]} {[%emt 00:00:12]} 5. Bc4 {[%emt 00:01:26]} Nxd5 {[%emt
00:00:08]} 6. Bxd5 {[%clk 01:30:57]} {[%emt 00:00:09]} Qxd5 {[%clk 01:31:58]}
{[%emt 00:00:14]} 7. Nc3 {[%clk 01:31:26]} {[%emt 00:00:02]} Qd8 {[%clk
01:31:31]} {[%emt 00:00:56]} 8. O-O {[%clk 01:31:45]} {[%emt 00:00:11]} Be7
{[%clk 01:31:54]} {[%emt 00:00:08]} 9. d4 {[%clk 01:31:56]} {[%emt 00:00:19]}
O-O {[%clk 01:32:11]} {[%emt 00:00:13]} 10. Bxf4 {[%clk 01:32:19]} {[%emt
00:00:07]} Bg4 {[%clk 01:31:49]} {[%emt 00:00:52]} 11. Nd5 {[%clk 01:30:55]}
{[%emt 00:01:51]} Qxd5 {[%clk 01:31:23]} {[%emt 00:00:58]} 12. h3 {[%clk
01:28:04]} {[%emt 00:03:21]} Bh5 {[%clk 01:31:03]} {[%emt 00:00:51]} 13. Qe1
{[%clk 01:26:38]} {[%emt 00:01:56]} Nc6 {[%clk 01:30:45]} {[%emt 00:00:47]} 14.
c3 {[%clk 01:26:22]} {[%emt 00:00:46]} Rfe8 {[%clk 01:30:25]} {[%emt 00:00:49]}
15. Qg3 {[%clk 01:21:20]} {[%emt 00:05:32]} Qe6 {[%clk 01:27:31]} {[%emt
00:03:24]} 16. Ng5 {[%clk 01:19:40]} {[%emt 00:02:11]} Qg6 {[%clk 01:26:29]}
{[%emt 00:01:32]} 17. h4 {[%clk 01:17:52]} {[%emt 00:02:19]} h6 {[%clk
01:24:13]} {[%emt 00:02:45]} 18. Nf3 {[%clk 01:17:10]} {[%emt 00:01:12]} Qxg3
{[%clk 01:24:10]} {[%emt 00:00:32]} 19. Bxg3 {[%clk 01:17:13]} {[%emt
00:00:29]} a5 {[%clk 01:23:34]} {[%emt 00:01:06]} 20. Bxc7 {[%clk 01:16:49]}
{[%emt 00:00:53]} Rac8 {[%clk 01:22:46]} {[%emt 00:01:18]} 21. Bb6 {[%clk
01:16:49]} {[%emt 00:00:31]} Bd6 {[%clk 01:22:17]} {[%emt 00:00:58]} 22. d5
{[%clk 01:15:49]} {[%emt 00:01:30]} Ne5 {[%clk 01:22:29]} {[%emt 00:00:18]} 23.
Nxe5 {[%clk 01:15:53]} {[%emt 00:00:26]} Bxe5 {[%clk 01:22:25]} {[%emt
00:00:33]} 24. Bxa5 {[%clk 01:16:12]} {[%emt 00:00:13]} Bg3 {[%clk 01:20:30]}
{[%emt 00:02:25]} 25. b3 {[%clk 01:16:14]} {[%emt 00:00:28]} Bxh4 {[%clk
01:20:21]} {[%emt 00:00:37]} 26. c4 {[%clk 01:16:28]} {[%emt 00:00:18]} Re4
{[%clk 01:18:05]} {[%emt 00:02:44]} 27. a4 {[%clk 01:14:14]} {[%emt 00:02:46]}
Rce8 {[%clk 01:18:25]} {[%emt 00:00:09]} 28. d6 {[%clk 01:13:36]} {[%emt
00:01:09]} Bg4 {[%clk 01:17:03]} {[%emt 00:01:51]} 29. c5 {[%clk 01:10:01]}
{[%emt 00:04:05]} Re2 {[%clk 01:16:15]} {[%emt 00:01:16]} 30. b4 {[%clk
01:08:34]} {[%emt 00:01:59]} Rb2 {[%clk 01:16:24]} {[%emt 00:00:20]} 31. Rab1
{[%clk 01:04:46]} {[%emt 00:04:19]} Ra2 {[%clk 01:16:23]} {[%emt 00:00:31]} 32.
Ra1 {[%clk 01:05:14]} {[%emt 00:00:02]} Rb2 {[%clk 01:16:39]} {[%emt 00:00:14]}
33. Rab1 {[%clk 01:05:23]} {[%emt 00:00:21]} Ra2 {[%clk 01:17:01]} {[%emt
00:00:09]} 34. Ra1 {[%clk 01:05:49]} {[%emt 00:00:05]} Rb2 {[%clk 01:17:24]}
{[%emt 00:00:07]} 35. Rab1 {[%clk 01:06:11]} {[%emt 00:00:07]} Ra2 {[%clk
01:17:47]} {[%emt 00:00:07]} 36. Ra1 {[%clk 01:06:15]} {[%emt 00:00:15]} Rb2
{[%clk 01:18:17]} 37. Rab1 {[%emt 00:00:33]} Ra2 {[%emt 00:00:12]} 38. Ra1
{[%clk 01:06:02]} {[%emt 00:00:09]} Rb2 {[%clk 01:18:42]} {[%emt 00:00:06]} 39.
Rab1 {[%clk 01:05:43]} {[%emt 00:00:18]} 1/2-1/2

[Event "ODJM C 2023"]
[Site "Willingen GER"]
[Date "2023.05.31"]
[Round "5"]
[White "Kunst, Jannis"]
[Black "Rafikov, Artur"]
[Result "1-0"]
[Termination "normal"]
[Board "34"]
[WhiteElo "1364"]
[BlackElo "1025"]
[PlyCount "113"]
[WhiteFideId "16299710"]
[BlackFideId "34642676"]
[EventCountry "GER"]
[EventRounds "9"]
[EventType "swiss"]
[EventDate "2023.05.27"]

1. d4 d5 2. c4 c6 3. Nc3 Nf6 4. Nf3 g6 5. Bf4 Bf5 6. e3 Bg7 7. Rc1 O-O 8. Bd3
Bxd3 9. Qxd3 h6 10. O-O e6 11. cxd5 cxd5 12. Rc2 Nc6 13. a3 a6 14. Ne5 Nxe5 15.
Bxe5 Rc8 16. Rfc1 Qe7 17. Na4 Rxc2 18. Qxc2 b5 19. Nc5 Rc8 20. Qd2 Qa7 21. f3
Qb6 22. b4 Qc6 23. Nd3 Qd7 24. Rc5 Qb7 25. Qc2 Rxc5 26. bxc5 Qc8 27. c6 Ne8 28.
Bxg7 Nxg7 29. Qc5 Qc7 30. Nb4 Nf5 31. Nxa6 Qc8 32. Qxb5 Nd6 33. Qb6 Kg7 34. c7
Qd7 35. Qxd6 Qxd6 36. c8=Q Qxa3 37. Kf2 Qb2+ 38. Kg3 Qe2 39. Nc5 Qxe3 40. Qc7
Qg5+ 41. Kf2 Qd2+ 42. Kf1 Qd1+ 43. Kf2 Qd2+ 44. Kg3 Qg5+ 45. Kf2 Qd2+ 46. Kg3
g5 47. Nxe6+ Kg6 48. Nf4+ Kg7 49. Qe5+ Kh7 50. Nh5 f6 51. Qxf6 Qe1+ 52. Kg4
Qh4+ 53. Kf5 Qxh5 54. Qe7+ Kh8 55. Kf6 Qg6+ 56. Kxg6 Kg8 57. Qg7# 1-0

[Event "ODJM C 2023"]
[Site "Willingen GER"]
[Date "2023.05.31"]
[Round "5"]
[White "Hendricks, Ole"]
[Black "Blome, Antonia"]
[Result "1-0"]
[Termination "normal"]
[Board "35"]
[WhiteElo "1263"]
[BlackElo "1099"]
[PlyCount "131"]
[WhiteFideId "34660488"]
[BlackFideId "34630090"]
[EventCountry "GER"]
[EventRounds "9"]
[EventType "swiss"]
[EventDate "2023.05.27"]

1. e4 e5 2. Nf3 Nc6 3. Bc4 Bc5 4. d3 Nf6 5. O-O d6 6. c3 Be6 7. Bb3 O-O 8. Re1
h6 9. Nbd2 Re8 10. Nf1 Bg4 11. Ng3 d5 12. h3 Bc8 13. exd5 Nxd5 14. d4 Bb6 15.
Nxe5 Be6 16. Nxc6 bxc6 17. Bd2 Qf6 18. Re2 Ne7 19. Bxe6 fxe6 20. Qb3 Ng6 21.
Qc4 Kh7 22. Qxc6 Qf7 23. Rae1 Nf8 24. b3 Rad8 25. Qc4 Rd5 26. Bc1 c5 27. Be3
Nd7 28. dxc5 Nxc5 29. Bxc5 Bxc5 30. b4 Bb6 31. Qc6 e5 32. Qc4 Kh8 33. Rd2 Bxf2+
34. Rxf2 Qd7 35. Re3 Rd2 36. Rxd2 Qxd2 37. Re2 Qd1+ 38. Kh2 Qd6 39. Ne4 Qb6 40.
Qc5 Qb8 41. Nd6 e4 42. Kg1 Rd8 43. Nf7+ Kh7 44. Nxd8 Qxd8 45. Qf5+ Kh8 46. Qxe4
Qd1+ 47. Re1 Qd2 48. Qb1 Qd8 49. a4 Qb6+ 50. Kh1 Qd8 51. a5 Qd7 52. b5 Kg8 53.
b6 axb6 54. axb6 Qc8 55. b7 Qb8 56. c4 Kf7 57. c5 g6 58. c6 h5 59. Rc1 Kg7 60.
c7 Qxb7 61. Qxb7 Kh6 62. c8=Q h4 63. Qh8+ Kg5 64. Qd5+ Kf4 65. Qf6+ Ke3 66.
Qff3# 1-0

[Event "ODJM C 2023"]
[Site "Willingen GER"]
[Date "2023.05.31"]
[Round "5"]
[White "Fischermann, Charlotte"]
[Black "Ruddat, Merja"]
[Result "1-0"]
[Termination "normal"]
[Board "36"]
[WhiteElo "1303"]
[BlackElo "934"]
[PlyCount "129"]
[WhiteFideId "34619690"]
[BlackFideId "34660577"]
[EventCountry "GER"]
[EventRounds "9"]
[EventType "swiss"]
[EventDate "2023.05.27"]

1. e4 e5 2. Nf3 Nc6 3. Bc4 Nf6 4. Ng5 d5 5. exd5 Na5 6. Bb5+ c6 7. dxc6 bxc6 8.
Ba4 h6 9. Nf3 e4 10. Qe2 Be7 11. Ng1 O-O 12. d3 Qb6 13. Bb3 Bf5 14. dxe4 Bxe4
15. f3 Nxb3 16. axb3 Qb4+ 17. c3 Qxb3 18. Nd2 Qc2 19. Nxe4 Qxe2+ 20. Nxe2 Nxe4
21. fxe4 Bc5 22. Ng3 Rfe8 23. Ke2 f5 24. Nxf5 Rxe4+ 25. Be3 Re5 26. Rhf1 Kh7
27. Nd4 Bb6 28. Rf3 c5 29. Rf5 Rae8 30. Rxe5 Rxe5 31. Nf3 Re4 32. Nd2 Re6 33.
Nc4 Bc7 34. g3 Bb6 35. Nxb6 axb6 36. Ra6 c4 37. Rxb6 Rxb6 38. Bxb6 g5 39. h4
Kg6 40. Ke3 Kg7 41. hxg5 hxg5 42. Kd4 Kf6 43. Kxc4 Kf5 44. g4+ Kxg4 45. Bd8 Kf4
46. Bxg5+ Kxg5 47. Kc5 Kf6 48. Kc6 Ke7 49. Kc7 Kf6 50. b4 Ke5 51. b5 Kd5 52. b6
Kc4 53. b7 Kxc3 54. b8=Q Kd4 55. Qb5 Ke4 56. Kd6 Kf4 57. Ke6 Ke3 58. Qa4 Kd3
59. Ke5 Ke3 60. Qa3+ Kd2 61. Ke4 Kc2 62. Kd4 Kd2 63. Qa2+ Ke1 64. Ke3 Kf1 65.
Qf2# 1-0

[Event "ODJM C 2023"]
[Site "Willingen GER"]
[Date "2023.05.31"]
[Round "5"]
[White "Kulgemeyer, Justus"]
[Black "Ginschel, Sophia"]
[Result "1-0"]
[Termination "normal"]
[Board "38"]
[WhiteElo "1106"]
[BlackElo "809"]
[PlyCount "117"]
[WhiteFideId "34623671"]
[BlackFideId "34660445"]
[EventCountry "GER"]
[EventRounds "9"]
[EventType "swiss"]
[EventDate "2023.05.27"]

1. d4 d5 2. Nc3 Nf6 3. Bf4 a6 4. e3 e6 5. Nf3 Bb4 6. Bd3 b5 7. a3 Bxc3+ 8. bxc3
Nbd7 9. Ne5 Nxe5 10. dxe5 Nd7 11. O-O c5 12. e4 Bb7 13. f3 Qc7 14. Re1 Nxe5 15.
exd5 f6 16. dxe6 Rd8 17. Qe2 c4 18. Bf5 g6 19. Bh3 g5 20. Bxe5 fxe5 21. Qxe5
Qxe5 22. Rxe5 Rg8 23. Bg4 Ke7 24. Bh5 Rg7 25. Rf1 Rd2 26. h3 Rxc2 27. Rd1 Bc6
28. Rc5 Kxe6 29. Rxc6+ Ke7 30. Re1+ Kd7 31. Rxa6 Rxc3 32. Ra7+ Kd6 33. Rxg7
Rxa3 34. Rb7 Kc6 35. Rxh7 b4 36. Rb1 b3 37. Bf7 Kc5 38. Rh5 Kb4 39. Rxg5 Ra2
40. Rg8 Kc3 41. Rb8 Ra3 42. R1xb3+ cxb3 43. Rxb3+ Rxb3 44. Bxb3 Kxb3 45. Kf2
Kc4 46. Ke3 Kd5 47. g4 Ke6 48. h4 Kf6 49. f4 Kg7 50. h5 Kh6 51. f5 Kg5 52. Ke4
Kxg4 53. f6 Kxh5 54. f7 Kg4 55. f8=Q Kg3 56. Qf3+ Kh2 57. Qg4 Kh1 58. Kf3 Kh2
59. Qg2# 1-0

[Event "ODJM C 2023"]
[Site "Willingen GER"]
[Date "2023.05.31"]
[Round "5"]
[White "Moissl, Felix"]
[Black "Nehrukumar, Snikitha"]
[Result "1-0"]
[Termination "normal"]
[Board "39"]
[WhiteElo "1390"]
[BlackElo "984"]
[PlyCount "141"]
[WhiteFideId "34623574"]
[BlackFideId "34660569"]
[EventCountry "GER"]
[EventRounds "9"]
[EventType "swiss"]
[EventDate "2023.05.27"]

1. e4 e5 2. Nf3 Nc6 3. Bc4 Bc5 4. c3 Nf6 5. d4 exd4 6. cxd4 Bb4+ 7. Nc3 Bxc3+
8. bxc3 Nxe4 9. Qe2 Qe7 10. Ng5 Na5 11. Bxf7+ Kf8 12. Bd5 Nxg5 13. Qxe7+ Kxe7
14. Bxg5+ Kf8 15. O-O c6 16. Bf3 d5 17. Rfe1 Kf7 18. Re5 h6 19. Bh4 g5 20. Bg3
Nc4 21. Re2 h5 22. Rae1 g4 23. Re7+ Kg6 24. Bd1 Bf5 25. Rxb7 Rhe8 26. Rbe7 Rxe7
27. Rxe7 a5 28. Rc7 Re8 29. Rxc6+ Kg7 30. f3 Re3 31. Bb3 Rxc3 32. fxg4 hxg4 33.
Be5+ Kh7 34. Bxc4 dxc4 35. d5 Rc1+ 36. Kf2 Rc2+ 37. Ke3 Rxa2 38. Rxc4 Rxg2 39.
d6 Kh6 40. Bf4+ Kg6 41. Rc6 Kf7 42. Rc5 Bd7 43. Rxa5 Rb2 44. Kd4 Ke6 45. Re5+
Kxd6 46. Re2+ Kc6 47. Rxb2 Bc8 48. Rc2+ Kd7 49. Rxc8 Kxc8 50. Ke5 Kd8 51. Kf5
Ke8 52. Kxg4 Kf8 53. h4 Kg8 54. h5 Kh7 55. Kg5 Kh8 56. Kh6 Kg8 57. Be5 Kf8 58.
Kg6 Kg8 59. h6 Kf8 60. h7 Ke7 61. h8=Q Ke6 62. Qf6+ Kd5 63. Bb8 Kc5 64. Qd8 Kb5
65. Qc7 Ka4 66. Qb6 Ka3 67. Kf5 Ka2 68. Ke4 Ka3 69. Kd3 Ka4 70. Kc3 Ka3 71.
Qb3# 1-0

[Event "ODJM C 2023"]
[Site "Willingen GER"]
[Date "2023.05.31"]
[Round "5"]
[White "Hasselmann, Isabelle Sophia"]
[Black "Kutz, Henning Jasper"]
[Result "1-0"]
[Termination "normal"]
[Board "40"]
[WhiteElo "1110"]
[BlackElo "830"]
[PlyCount "29"]
[WhiteFideId "16266951"]
[BlackFideId "34612882"]
[EventCountry "GER"]
[EventRounds "9"]
[EventType "swiss"]
[EventDate "2023.05.27"]

1. e4 e5 2. Bc4 Nf6 3. d4 exd4 4. Nf3 Nxe4 5. Qxd4 Qe7 6. O-O Nc6 7. Qd1 Qd6 8.
Qe2 Qe7 9. Re1 f5 10. Ng5 Ne5 11. Nxe4 Nxc4 12. Qh5+ g6 13. Nf6+ Kd8 14. Rxe7
gxh5 15. Re8# 1-0

[Event "ODJM C 2023"]
[Site "Willingen GER"]
[Date "2023.05.31"]
[Round "5"]
[White "Söhren, Louis"]
[Black "Engelhaupt, Henry"]
[Result "0-1"]
[Termination "normal"]
[Board "41"]
[WhiteElo "964"]
[BlackElo "1196"]
[PlyCount "148"]
[WhiteFideId "34631747"]
[BlackFideId "34644814"]
[EventCountry "GER"]
[EventRounds "9"]
[EventType "swiss"]
[EventDate "2023.05.27"]

1. e4 e5 2. Bc4 Nf6 3. Nc3 Nc6 4. Nf3 Nxe4 5. Nxe4 d5 6. Nf6+ Qxf6 7. Bxd5 Bd7
8. d3 h6 9. h3 Bc5 10. Be3 Bxe3 11. fxe3 O-O-O 12. a3 Qg6 13. Nh4 Qg3+ 14. Kf1
Qxh4 15. Kg1 Qg5 16. e4 f5 17. exf5 Qxf5 18. c3 Rhf8 19. Qe2 Qg6 20. Be4 Qe8
21. Kh2 g5 22. Rhf1 Rxf1 23. Rxf1 h5 24. a4 g4 25. h4 Qg8 26. Qf2 g3+ 27. Qxg3
Qxg3+ 28. Kxg3 b6 29. b4 a6 30. b5 axb5 31. axb5 Na5 32. c4 Bg4 33. Ra1 Rg8 34.
c5 Bd7+ 35. Kh2 Bxb5 36. cxb6 cxb6 37. Bd5 Rd8 38. Rc1+ Kb8 39. Bf7 Bc6 40.
Bxh5 Rh8 41. Bf3 Rxh4+ 42. Kg3 Rh6 43. Bxc6 Rxc6 44. Re1 Rc5 45. Kh4 Nc6 46. g4
Nd4 47. Re4 Rc7 48. Kh5 Re7 49. Kh6 Kc8 50. g5 b5 51. g6 b4 52. g7 Nf5+ 53. Kh5
Nxg7+ 54. Kh4 Nf5+ 55. Kg4 Nd4 56. Re1 b3 57. Rc1+ Kd7 58. Kg5 Kd6 59. Kf6 Rc7
60. Rb1 Rc3 61. Rb2 Rc2 62. Rb1 b2 63. Kg6 Nb5 64. Kf5 Nc3 65. Rh1 b1=Q 66.
Rxb1 Nxb1 67. Ke4 Rd2 68. Ke3 Kd5 69. Kf3 Rxd3+ 70. Ke2 Rd2+ 71. Ke1 Ke4 72.
Kf1 Kf3 73. Ke1 e4 74. Kf1 Rd1# 0-1